书目信息 |
| 题名: |
仿真软件教程
|
|
| 作者: | 常敏嘉 , 袁刚 , 常华 编著 | |
| 分册: | ||
| 出版信息: | 北京 清华大学出版社 2006 |
|
| 页数: | 13,290页 | |
| 开本: | 26cm | |
| 丛书名: | 电子电路设计循序渐进系列教程 | |
| 单 册: | ||
| 中图分类: | TN702 , TP391.75 , TN702 | |
| 科图分类: | ||
| 主题词: | 计算机辅助设计--教材--软件包,MATLAB , 电子电路--教材--应用软件,Multism--电路设计:计算机辅助设计 , 电子电路 | |
| 电子资源: | ||
| ISBN: | 7-302-13990-3 | |
| 000 | 01360nam0 2200337 450 | |
| 000 | 01319nam0 2200313 450 | |
| 000 | 01248nam0 2200289 450 | |
| 000 | 01211nam0 2200277 450 | |
| 005 | 20070606172228.82 | |
| 010 | @a7-302-13990-3@b平塑@dCNY29.00 | |
| 100 | @a20010611d2006 am y0chiy0120 eb | |
| 101 | 0 | @achi |
| 102 | @aCN@b110000 | |
| 105 | @a 000yy | |
| 200 | 1 | @a仿真软件教程@AFang Zhen Ruan Jian Jiao Cheng@b专著@eMultisim和MATLAB@EMultisim He MATLAB@f常华,袁刚,常敏嘉编著@FChang Hua , Yuan Gang , Chang Min Jia Bian Zhu |
| 210 | @a北京@c清华大学出版社@d2006 | |
| 215 | @a13,290页@c图@d26cm | |
| 225 | 2 | @a电子电路设计循序渐进系列教程 |
| 330 | @aMultisim 8与MATLAB 6.5是目前在本科信息技术类专业的教学中最为常用的两种仿真软件,为学生深刻理解相关课程的基本理论,验证所设计电路及系统的性能提供了方便的仿真工具,同时也为创新设计思维提供了检验平台。本书分为上下两篇分别介绍以上内容。 | |
| 410 | 0 | @12001 @a电子电路设计循序渐进系列教程 |
| 606 | 0 | @a计算机辅助设计@j教材@x软件包,MATLAB |
| 606 | 0 | @a电子电路@j教材@x应用软件,Multism@x电路设计:计算机辅助设计 |
| 606 | 0 | @a电子电路 |
| 690 | @aTN702@v4 | |
| 690 | @aTP391.75@v4 | |
| 690 | @aTN702@v3 | |
| 701 | 0 | @a常敏嘉@AChang Min Jia@4编著 |
| 701 | 0 | @a袁刚@AYuan Gang@4编著 |
| 701 | 0 | @a常华@AChang Hua@4编著 |
| 801 | 0 | @aCN@bTAOJIN@c20070606 |
| 905 | @a10447@dTN702@e229 | |
| 仿真软件教程:Multisim和MATLAB/常华,袁刚,常敏嘉编著.-北京:清华大学出版社,2006 |
| 13,290页:图;26cm.-(电子电路设计循序渐进系列教程) |
| ISBN 7-302-13990-3(平塑):CNY29.00 |
| Multisim 8与MATLAB 6.5是目前在本科信息技术类专业的教学中最为常用的两种仿真软件,为学生深刻理解相关课程的基本理论,验证所设计电路及系统的性能提供了方便的仿真工具,同时也为创新设计思维提供了检验平台。本书分为上下两篇分别介绍以上内容。 |
| ● |
| 相关链接 |
|
|
|
|
正题名:仿真软件教程
索取号:TN702/229
 
预约/预借
| 序号 | 登录号 | 条形码 | 馆藏地/架位号 | 状态 | 备注 |
| 1 | 0526635 | 205266353 | 第二样本阅览室/ [索取号:TN702/229] | 在馆 | |
| 2 | 0526636 | 205266362 | 第三借阅区/ [索取号:TN702/229] | 在馆 | |
| 3 | 0526637 | 205266371 | 第三借阅区/ [索取号:TN702/229] | 在馆 | |
| 4 | 0526638 | 205266380 | 第三借阅区/ [索取号:TN702/229] | 在馆 | |
| 5 | 0526639 | 205266399 | 第三借阅区/ [索取号:TN702/229] | 在馆 | |
| 6 | 0526640 | 205266406 | 第三借阅区/ [索取号:TN702/229] | 在馆 | |
| 7 | 0526641 | 205266415 | 第三借阅区/ [索取号:TN702/229] | 在馆 | |
| 8 | 0526642 | 205266424 | 第三借阅区/ [索取号:TN702/229] | 在馆 |